Understanding Enterprise, Entrepreneurship & Small Business. (Record no. 3198)

MARC details
000 -LEADER
fixed length control field 00570nam a22001937a 4500
003 - CONTROL NUMBER IDENTIFIER
control field OSt
005 - DATE AND TIME OF LATEST TRANSACTION
control field 20251015153149.0
008 - FIXED-LENGTH DATA ELEMENTS--GENERAL INFORMATION
fixed length control field 160307b xxu||||| |||| 00| 0 eng d
020 ## - INTERNATIONAL STANDARD BOOK NUMBER
International Standard Book Number 033368348
040 ## - CATALOGING SOURCE
Transcribing agency DDC.
082 ## - DEWEY DECIMAL CLASSIFICATION NUMBER
Classification number 338 BRI 1998.
100 ## - MAIN ENTRY--PERSONAL NAME
Personal name Bridge, Simon; O'Neill; Crome, Stan
9 (RLIN) 7169
245 ## - TITLE STATEMENT
Title Understanding Enterprise, Entrepreneurship & Small Business.
260 ## - PUBLICATION, DISTRIBUTION, ETC. (IMPRINT)
Place of publication, distribution, etc. London;
Name of publisher, distributor, etc. Macmillan Press,
Date of publication, distribution, etc. 1998
300 ## - PHYSICAL DESCRIPTION
Extent xi,301p;
Other physical details ill;
Dimensions 22cm.
504 ## - BIBLIOGRAPHY, ETC. NOTE
Bibliography, etc includes notes ,index and references.
650 ## - SUBJECT ADDED ENTRY--TOPICAL TERM
Topical term or geographic name as entry element Entreprenuership.
9 (RLIN) 2806
942 ## - ADDED ENTRY ELEMENTS (KOHA)
Source of classification or shelving scheme Dewey Decimal Classification
Koha item type Short Loan
Holdings
Withdrawn status Lost status Source of classification or shelving scheme Damaged status Not for loan Home library Current library Date acquired Source of acquisition Inventory number Total Checkouts Full call number Barcode Date last seen Koha item type
    Dewey Decimal Classification     MUST Main Library MUST Main Library 07/03/2016 Purchase 03/19597   338 BRI1998 2016-0377 07/03/2016 Open Shelf